000 01030cam a22003015a 4500
001 14717641
005 20180307032602.0
008 070130s2007 ohu 000 0 eng
020 _a9780324540529 (student ed.)
020 _a0324540523 (student ed.)
020 _a9780324359299 (student ed. with CD)
020 _a0324359292 (student ed. with CD)
020 _a9780324540512 (instructor's ed.)
020 _a0324540515 (instructor's ed.)
020 _a9780324641868 (instructor's ed. with CD)
020 _a0324641869 (instructor's ed. with CD)
040 _aDLC
_cDLC
041 _aeng
080 _a658 l ou
100 1 _a60
101 _abus
245 1 0 _aContemporary marketing /
_cLouis E. Boone, David L. Kurtz.
263 _a0701
906 _a0
_bibc
_corignew
_d3
_eepcn
_f20
_gy-gencatlg
942 _2ddc
_cBK
999 _c44244
_d44244